Podaj państwa które ? część 1 - Statystyki

Ogólne statystyki
  • Ten quiz został rozwiązany 40 razy
  • Średni wynik to 6 z 10
Statystyki odpowiedzi
Hint Odpowiedź % Poprawnych
Podaj kraj który w (2023) miały ponad 15 trzęsień ziemi Indonezja | Chile | Stany Zjednoczone | Japonia | Peru
89%
Podaj kraj który zdobyły Moskwę (Oprócz Rosji) Polska | Francja | Litwa
89%
Podaj kraj który wyprodukował ponad Milion Ton sera Stany Zjednoczone | Niemcy | Francja | Włochy | Polska
89%
Podaj kraj który raz wygrały MŚ w piłce nożnej Hiszpania | Anglia
75%
Podaj kraj który ma ponad 45% czarnego na fladze Libia | Papua nowa gwinea | Angola
67%
Podaj kraj którego stolica leży poniżej poziomu morza Holandia | Azerbejdżan
58%
Podaj kraj który nie ma niebieskiego, białego i czerwonego na fladze Jamajka
56%
Podaj kraj który mają Biały, czerwony i zielony na fladze (Afryki) Algieria | Burundi | Madagaskar
47%
Podaj kraj który mają fioletowy na fladze Dominika | Nikaragua
31%
Podaj kraj który wyprodukował ponad 2 Miliony ton Kakao Wybrzeże kości słoniowej
25%
Nie znaleziono quizów pasujących do podanych kryteriów
Rozkład punktacji
Procent ludzi z każdym wynikiem
Percentyl według liczby udzielonych odpowiedzi
Twoja historia wyników
Nie rozwiązałeś tego quizu